Miniaturized Open-Source Hardware Tools for Control Engineering and Mechatronics Education

Na minha lista:
Detalhes bibliográficos
Autor principal: Mikuláš, Erik (Author)
Outros Autores: Vachálek, Ján (Thesis advisor)
Formato: Manuscrito Livro
Idioma:eslovaco
inglês
Publicado em: 2022
Assuntos:
Acesso em linha:http://is.stuba.sk/zp/portal_zp.pl?podrobnosti=147821
Tags: Adicionar Tag
Sem tags, seja o primeiro a adicionar uma tag!

MARC

LEADER 00000ntm a22000003a 4500
001 stuzp69523
003 SK-STU
005 20220903210327.4
007 ta
008 150427s2015----xo-----f-mn---000-0-slo-d
040 |a STU  |b slo 
041 0 |a eng 
100 1 |a Mikuláš, Erik  |u 020020  |4 aut  |U SjF Strojnícka fakulta  |T SjF Ústav automatizácie, merania a aplikovanej informatiky  |X 55495  |U J0020  |Y 802  |7 55495 
242 0 1 |a Miniaturizované "open-source" hardvérové nástroje pre vzdelávanie v oblasti riadenia a mechatroniky  |y slo 
245 1 0 |a Miniaturized Open-Source Hardware Tools for Control Engineering and Mechatronics Education 
260 |c 2022 
650 4 |a identifikacia systemov  |2 slo 
650 4 |a mikropocitac  |2 slo 
650 4 |a programovanie  |2 slo 
650 4 |a vycba riadenia systemov  |2 slo 
650 4 |a Ardino  |2 slo 
650 4 |a system identification  |2 eng 
650 4 |a progrmming  |2 eng 
650 4 |a control engineering education  |2 eng 
650 4 |a Arduino  |2 eng 
650 4 |a microcontroller  |2 eng 
700 1 |a Vachálek, Ján  |u 020020  |k Z1  |4 ths  |U SjF Strojnícka fakulta  |T SjF Ústav automatizácie, merania a aplikovanej informatiky  |X 2232  |U J0020  |Y 802  |7 A000002232 
856 4 |u http://is.stuba.sk/zp/portal_zp.pl?podrobnosti=147821 
996 |b 284J046833  |c J* 119338  |l JJST  |s P  |a 0  |w stuzp69523_0001